000 00749nam a2200253Ia 4500
001 dia_2769
003 CHAP
005 20230310132519.0
008 220117s1980 xx 000 0 und d
010 _a173270
040 _cCHAP
082 _a664.08 M49
110 _aMéxico. Secretaría de Educación Pública
_977166
245 _aGuía de Planeación y Control de Industrias Agropecuarias /
_c por SEP
260 _aMéxico, Fondo de Cultura Económica
_c1980
300 _a164P.
501 _aFOT.
650 _aIndustrias Agrícolas
_957925
650 _aIndustrias
_xadministración
_9152579
901 _a664.08 M49
902 _aM
905 _a0000001980 MEX 0000000000ESP00
942 _cLIBRO
_2ddc
999 _c173270
_d173270